Environmental certification for commercial real estate assets (Record no. 109162)

MARC details
000 -LEADER
fixed length control field 01837cad a22002775a 4500
001 - CONTROL NUMBER
control field L146401
008 - FIXED-LENGTH DATA ELEMENTS--GENERAL INFORMATION
fixed length control field 090116s2008 xxk f 100 0 eng d
020 ## - INTERNATIONAL STANDARD BOOK NUMBER
International Standard Book Number 9781842194348
035 ## - SYSTEM CONTROL NUMBER
System control number (Sirsi) u146401
041 0# - LANGUAGE CODE
Language code of text/sound track or separate title eng
050 04 - LIBRARY OF CONGRESS CALL NUMBER
Classification number 333.337 $2 18
100 1# - MAIN ENTRY--PERSONAL NAME
Personal name Fuerst, Franz
111 2# - MAIN ENTRY--MEETING NAME
Meeting name or jurisdiction name as entry element Construction and Building Research Conference
Location of meeting Dublin Institute of Technology, Dublin
Date of meeting or treaty signing 4-5 September 2008
245 00 - TITLE STATEMENT
Title Environmental certification for commercial real estate assets
Remainder of title the value impacts
Medium [electronic resource]
260 ## - PUBLICATION, DISTRIBUTION, ETC.
Place of publication, distribution, etc. London
Name of publisher, distributor, etc. RICS
Date of publication, distribution, etc. 2008
520 ## - SUMMARY, ETC.
Summary, etc. Investigates the price differentials between Green Building Council's Leadership in Energy and Environmental Design (LEED)/Energy Star certified buildings and traditional buildings in the US. It is argued that there are likely to be three main drivers of price differences between green and traditional buildings: business benefits; higher rents and lower holding costs for investors; likely lower risk premiums. Drawing upon the CoStar database of US commercial real estate assets, an hedonic regression analysis is used to measure the effect of certification on rent and price. Concludes that certification produces a rental premium and that there is a price premium for Energy Star and LEED certified buildings.
590 ## - LOCAL NOTE (RLIN)
Local note KA
650 24 - SUBJECT ADDED ENTRY--TOPICAL TERM
Topical term or geographic name entry element CONSTRUCTION AND BUILDING RESEARCH CONFERENCE (COBRA)
650 24 - SUBJECT ADDED ENTRY--TOPICAL TERM
Topical term or geographic name entry element GREEN BUILDING COUNCIL'S LEADERSHIP IN ENERGY AND ENVIRONMENTAL DESIGN (LEED) (UNITED STATES)
651 #4 - SUBJECT ADDED ENTRY--GEOGRAPHIC NAME
Geographic name United Kingdom
Chronological subdivision
690 ## - LOCAL SUBJECT ADDED ENTRY--TOPICAL TERM (OCLC, RLIN)
Topical term or geographic name as entry element PROPERTY-PROPERTY APPRAISAL AND VALUATION
700 1# - ADDED ENTRY--PERSONAL NAME
Personal name McAllister, Patrick
710 1# - ADDED ENTRY--CORPORATE NAME
Corporate name or jurisdiction name as entry element Royal Institution of Chartered Surveyors
9 (RLIN) 4900
856 40 - ELECTRONIC LOCATION AND ACCESS
Uniform Resource Identifier <a href="https://archive.rics.org/site/scripts/download_info.aspx?fileID=3312&categoryID=525">https://archive.rics.org/site/scripts/download_info.aspx?fileID=3312&categoryID=525</a>
Public note View the item free of charge at www.rics.org...
942 ## - ADDED ENTRY ELEMENTS (KOHA)
Suppress in OPAC 0
Holdings
Withdrawn status Lost status Source of classification or shelving scheme Damaged status Not for loan Home library Current library Shelving location Date acquired Total Checkouts Full call number Barcode Date last seen Copy number Price effective from Koha item type
    Dewey Decimal Classification     Virtual Virtual Online 16/01/2009   ONLINE PUBLICATION 146401-2001 06/08/2019 1 06/08/2019 Book